[Event "BL 0506 SK Zehlendorf - Leipzig Gohlis"]
[Site "?"]
[Date "2006.01.28"]
[Round "7.8"]
[White "Paulsen, Dirk"]
[Black "Natsidis, Christoph"]
[Result "1/2-1/2"]
[WhiteElo "2384"]
[BlackElo "2133"]
[PlyCount "67"]
[EventDate "2006.??.??"]

1. d4 e6 2. c4 f5 3. Nf3 Nf6 4. h3 d5 5. g4 Bd6 6. Nc3 c6 7. Rg1 Qe7 8. Qb3
dxc4 9. Qxc4 Nbd7 10. Qb3 Nb6 11. Bg5 e5 12. dxe5 Bxe5 13. O-O-O Be6 14. Qc2
Bxc3 15. Qxc3 fxg4 16. Nd4 Nbd5 17. Qc4 O-O-O 18. Bg2 Bf7 19. Nb5 a6 20. Nd4
Kb8 21. hxg4 Ka8 22. Nf5 Qc7 23. Qc5 b6 24. Qa3 a5 25. Qa4 Kb7 26. a3 h6 27.
Bh4 b5 28. Qc2 Qb6 29. e4 Nf4 30. Bf3 a4 31. Nd6+ Rxd6 32. Rxd6 Bb3 33. Qc3 Re8
34. Bxf6 1/2-1/2

[Event "BL 0506 SFR Neukölln - SC Kreuzberg"]
[Site "?"]
[Date "2005.10.21"]
[Round "7.1"]
[White "Aronian, Levon"]
[Black "Miroshnichenko, Evgenij"]
[Result "1-0"]
[WhiteElo "2724"]
[BlackElo "2634"]
[PlyCount "79"]
[EventDate "2005.??.??"]

1. d4 Nf6 2. c4 g6 3. Nc3 Bg7 4. e4 O-O 5. Bd3 d6 6. Nge2 Na6 7. O-O e5 8. d5
Nc5 9. Bc2 a5 10. Rb1 Bd7 11. b3 Nh5 12. Be3 Nf4 13. Qd2 Qh4 14. Ng3 h5 15. a3
Qf6 16. b4 axb4 17. axb4 Na6 18. Nge2 Nxe2+ 19. Qxe2 Qe7 20. Kh1 Rfe8 21. Bd3
f5 22. c5 dxc5 23. Bxa6 bxa6 24. Bxc5 Qf6 25. exf5 e4 26. Nxe4 Qxf5 27. Rfe1
Bb5 28. Qe3 Qxd5 29. Rbd1 Qe6 30. Qd2 Bc6 31. f3 Bxe4 32. fxe4 Be5 33. h3 Qc6
34. Rf1 a5 35. Qg5 Qe6 36. Bd4 axb4 37. Bxe5 Qxe5 38. Qxg6+ Qg7 39. Qxh5 Rad8
40. Rd5 1-0

[Event "BL 0506 SFR Neukölln - SC Kreuzberg"]
[Site "?"]
[Date "2005.10.21"]
[Round "7.2"]
[White "Brynell, Stellan"]
[Black "Almasi, Zoltan"]
[Result "1-0"]
[WhiteElo "2496"]
[BlackElo "2640"]
[PlyCount "49"]
[EventDate "2005.??.??"]

1. d4 Nf6 2. c4 e6 3. Nf3 c5 4. d5 exd5 5. cxd5 d6 6. Nc3 g6 7. Bf4 Bg7 8. Qa4+
Bd7 9. Qb3 Qc7 10. e4 O-O 11. Nd2 Nh5 12. Be3 Bd4 13. Be2 Bxe3 14. fxe3 Ng7 15.
O-O Na6 16. e5 dxe5 17. Nde4 Ne8 18. d6 Qb6 19. Qd5 Be6 20. Qxe5 Nb4 21. Rad1
Rd8 22. Na4 Qc6 23. Naxc5 Ng7 24. Nf6+ Kh8 25. Qf4 1-0

[Event "BL 0506 SFR Neukölln - SC Kreuzberg"]
[Site "?"]
[Date "2005.10.21"]
[Round "7.3"]
[White "Socko, Bartosz"]
[Black "Polzin, Rainer"]
[Result "0-1"]
[WhiteElo "2610"]
[BlackElo "2514"]
[PlyCount "150"]
[EventDate "2005.??.??"]

1. e4 c5 2. Nf3 d6 3. d4 cxd4 4. Nxd4 Nf6 5. Nc3 g6 6. Be3 Bg7 7. f3 O-O 8. Qd2
Nc6 9. Bc4 Bd7 10. O-O-O Ne5 11. Bb3 Rc8 12. Kb1 Nc4 13. Bxc4 Rxc4 14. g4 Qb8
15. Nde2 Rfc8 16. Bh6 b5 17. Bxg7 Kxg7 18. g5 Nh5 19. Nd5 Rxc2 20. Qe3 e5 21.
Ndc3 R2xc3 22. Nxc3 Be6 23. Nd5 Qb7 24. Rd3 Rc5 25. Nf6 Nxf6 26. gxf6+ Kxf6 27.
Rxd6 Qc7 28. Rdd1 b4 29. Rc1 Rc4 30. Rxc4 Qxc4 31. b3 Qb5 32. Rd1 a5 33. Qd3
Qc5 34. Qd8+ Kg7 35. Qd6 Qc3 36. Qd3 Qc5 37. Qd2 Qb5 38. Qc2 Qb6 39. Qb2 f6 40.
Qd2 Bf7 41. Kb2 Qb5 42. Qd3 Qc5 43. Rd2 Qg1 44. Qe2 Qa7 45. Qf2 Qc7 46. Qe3 Qc6
47. Rc2 Qd7 48. Qd2 Qa7 49. Rc6 Be8 50. Rd6 Bf7 51. Rd7 Qc5 52. h4 h5 53. Rb7
Kg8 54. Rb8+ Kg7 55. Ra8 Qb6 56. Kb1 Qg1+ 57. Qc1 Qf2 58. Rxa5 Qxf3 59. Qe1
Qd3+ 60. Kc1 Qd4 61. Ra4 g5 62. hxg5 fxg5 63. Rxb4 Qa1+ 64. Kd2 Qxa2+ 65. Ke3
Qa7+ 66. Ke2 h4 67. Qc1 Qa6+ 68. Ke1 Qf6 69. Qe3 g4 70. Qf2 g3 71. Qxf6+ Kxf6
72. Rb8 h3 73. Kf1 Bg6 74. Rf8+ Kg7 75. Rf3 h2 0-1

[Event "BL 0506 SFR Neukölln - SC Kreuzberg"]
[Site "?"]
[Date "2005.10.21"]
[Round "7.4"]
[White "Berndt, Stephan"]
[Black "Romanishin, Oleg M"]
[Result "0-1"]
[WhiteElo "2447"]
[BlackElo "2547"]
[PlyCount "80"]
[EventDate "2005.??.??"]

1. e4 e5 2. Nf3 Nc6 3. Bb5 a6 4. Ba4 Nf6 5. O-O Be7 6. Re1 b5 7. Bb3 d6 8. c3
O-O 9. d3 Na5 10. Bc2 c5 11. Nbd2 Be6 12. Nf1 Rc8 13. h3 Nc6 14. Ng3 Qc7 15.
Nh2 d5 16. Qf3 d4 17. Nf5 dxc3 18. bxc3 b4 19. Bb2 bxc3 20. Bxc3 Nd4 21. Bxd4
cxd4 22. Bb3 Bb4 23. Red1 Nd7 24. Ng4 g6 25. Qg3 Bxb3 26. axb3 Kh8 27. Nh4 a5
28. Nf3 f6 29. h4 Nc5 30. Rab1 Ne6 31. Nd2 Nf4 32. Qf3 Qc2 33. Nc4 Qe2 34. Rb2
Qxf3 35. gxf3 Rc6 36. Nh2 Rb8 37. Nf1 Bc3 38. Rbb1 Rc5 39. Nd6 Bb4 40. Ng3 Rc3
0-1

[Event "BL 0506 SFR Neukölln - SC Kreuzberg"]
[Site "?"]
[Date "2005.10.21"]
[Round "7.5"]
[White "Maiwald, Jens-Uwe"]
[Black "Borriss, Martin Dr"]
[Result "1/2-1/2"]
[WhiteElo "2502"]
[BlackElo "2424"]
[PlyCount "33"]
[EventDate "2005.??.??"]

1. e4 c5 2. Nc3 Nc6 3. g3 g6 4. Bg2 Bg7 5. Nge2 e6 6. d3 Nge7 7. h4 h5 8. Bg5
d6 9. Qd2 Qd7 10. a3 b6 11. Rb1 Bb7 12. b4 Nd4 13. O-O Rc8 14. b5 Kf8 15. a4
Kg8 16. Qc1 Kh7 17. Nxd4 1/2-1/2

[Event "BL 0506 SFR Neukölln - SC Kreuzberg"]
[Site "?"]
[Date "2005.10.21"]
[Round "7.6"]
[White "Schneider, Ilja"]
[Black "Kalinitschew, Sergey"]
[Result "1/2-1/2"]
[WhiteElo "2392"]
[BlackElo "2491"]
[PlyCount "37"]
[EventDate "2005.??.??"]

1. e4 c6 2. d4 d5 3. exd5 cxd5 4. Bd3 Nc6 5. c3 Qc7 6. Ne2 Bg4 7. Qb3 Bxe2 8.
Bxe2 e6 9. Na3 Rc8 10. O-O a6 11. Be3 Bd6 12. c4 Nge7 13. g3 Qd7 14. cxd5 Nxd5
15. Nc4 Be7 16. Bf3 b5 17. Ne5 Nxe5 18. dxe5 Nxe3 19. Qxe3 1/2-1/2

[Event "BL 0506 SFR Neukölln - SC Kreuzberg"]
[Site "?"]
[Date "2005.10.21"]
[Round "7.7"]
[White "Lau, Ralf"]
[Black "Thinius, Marco"]
[Result "1/2-1/2"]
[WhiteElo "2467"]
[BlackElo "2353"]
[PlyCount "157"]
[EventDate "2005.??.??"]

1. d4 Nf6 2. Nf3 e6 3. e3 b6 4. Bd3 Bb7 5. O-O Be7 6. b3 O-O 7. Bb2 c5 8. a3
cxd4 9. exd4 Nc6 10. Re1 d5 11. Nbd2 Re8 12. Ne5 Nxe5 13. dxe5 Nd7 14. c4 Nc5
15. Bc2 dxc4 16. Nxc4 Qxd1 17. Raxd1 Bd5 18. Rd4 Rec8 19. Rc1 f5 20. b4 Ne4 21.
Bd3 Bg5 22. Rd1 b5 23. Nd6 Nxd6 24. exd6 Bf6 25. Rxd5 exd5 26. Bxf6 gxf6 27.
Bxb5 a6 28. Bd7 Rc3 29. a4 Rd8 30. Be6+ Kf8 31. d7 Rb3 32. Bxf5 Rxb4 33. Rxd5
Rxa4 34. g4 h6 35. Kg2 Ra3 36. f3 Ke7 37. Kg3 Re3 38. Ra5 Re5 39. Rxa6 Rxf5 40.
gxf5 Rxd7 41. Ra4 Rd5 42. Kg4 h5+ 43. Kf4 Rb5 44. Ra7+ Kd6 45. Rh7 Rb4+ 46. Kg3
Ke5 47. Rxh5 Rb1 48. h3 Rg1+ 49. Kf2 Ra1 50. Rh4 Kxf5 51. Rg4 Rb1 52. Kg2 Ra1
53. h4 Ra8 54. Kg3 Ra1 55. Kh2 Ra3 56. Kg2 Ra8 57. Rb4 Kg6 58. Kg3 Ra5 59. Rg4+
Kf7 60. Rb4 Kg6 61. Kg4 Rc5 62. Ra4 Rb5 63. Kg3 Rc5 64. Rg4+ Kf7 65. Kh3 Ra5
66. Rg1 Rb5 67. Kg4 Kg6 68. Kf4+ Kf7 69. Ra1 Kg6 70. Ra8 Rb4+ 71. Kg3 Rb5 72.
Ra6 Rc5 73. Ra8 Rb5 74. Rg8+ Kf7 75. Rg4 Ra5 76. Kf4 Ra4+ 77. Ke3 Ra3+ 78. Kf4
Ra4+ 79. Ke3 1/2-1/2

[Event "BL 0506 SFR Neukölln - SC Kreuzberg"]
[Site "?"]
[Date "2005.10.21"]
[Round "7.8"]
[White "Rudolf, Henrik"]
[Black "Tischbierek, Raj"]
[Result "1/2-1/2"]
[WhiteElo "2346"]
[BlackElo "2466"]
[PlyCount "60"]
[EventDate "2005.??.??"]

1. e4 c5 2. Nf3 d6 3. d4 cxd4 4. Nxd4 Nf6 5. Nc3 Nc6 6. Bg5 Bd7 7. Qd2 Rc8 8.
O-O-O Nxd4 9. Qxd4 Qa5 10. Bd2 a6 11. Bc4 Qc5 12. Qxc5 dxc5 13. e5 Ng4 14. e6
fxe6 15. Ne4 b5 16. Be2 Nf6 17. Ng5 g6 18. Rhe1 Bh6 19. h4 Bxg5 20. hxg5 Nd5
21. Bg4 Rc6 22. Re5 Rf8 23. f3 c4 24. Rh1 Rf7 25. Rhe1 Rd6 26. R1e4 Rf8 27. g3
Kf7 28. Re2 Rc8 29. Rh2 Kg8 30. Re1 Rf8 1/2-1/2

[Event "BL 0506 SC Eppingen - TV Tegernsee"]
[Site "?"]
[Date "2005.10.21"]
[Round "7.1"]
[White "Khenkin, Igor"]
[Black "Gyimesi, Zoltan"]
[Result "1/2-1/2"]
[WhiteElo "2603"]
[BlackElo "2624"]
[PlyCount "43"]
[EventDate "2005.??.??"]

1. d4 d5 2. c4 dxc4 3. Nf3 c5 4. d5 e6 5. Nc3 exd5 6. Qxd5 Qxd5 7. Nxd5 Bd6 8.
Nd2 Ne7 9. Nxc4 Nxd5 10. Nxd6+ Ke7 11. Nxc8+ Rxc8 12. g3 Nc6 13. Bg2 Rd8 14.
Bg5+ f6 15. Bd2 Rd6 16. O-O Rad8 17. Rfc1 b6 18. Kf1 a5 19. Ke1 g6 20. h4 h5
21. Rab1 Kf7 22. a3 1/2-1/2

[Event "BL 0506 SC Eppingen - TV Tegernsee"]
[Site "?"]
[Date "2005.10.21"]
[Round "7.3"]
[White "Ribli, Zoltan"]
[Black "Acs, Peter"]
[Result "1-0"]
[WhiteElo "2585"]
[BlackElo "2518"]
[PlyCount "67"]
[EventDate "2005.??.??"]

1. d4 Nf6 2. c4 g6 3. g3 Bg7 4. Bg2 O-O 5. Nc3 d6 6. Nf3 Nc6 7. O-O a6 8. d5
Na5 9. Nd2 c5 10. Rb1 Rb8 11. b3 b5 12. Bb2 bxc4 13. bxc4 e5 14. Qc2 Bh6 15. e3
Bd7 16. Ba1 Qc7 17. h3 Rb4 18. a3 Rxb1 19. Rxb1 Rb8 20. f4 Bf5 21. Rxb8+ Qxb8
22. Qa4 Qb6 23. Nd1 Bd7 24. Qc2 Bf5 25. Qa2 Bd7 26. Bc3 Nb7 27. fxe5 dxe5 28.
Bxe5 Ba4 29. Nc3 Bxe3+ 30. Kh2 Nd7 31. Nxa4 Qa5 32. Nf1 Qxa4 33. Nxe3 Nxe5 34.
Qb2 1-0

[Event "BL 0506 SC Eppingen - TV Tegernsee"]
[Site "?"]
[Date "2005.10.21"]
[Round "7.4"]
[White "Braun, Arik"]
[Black "Bischoff, Klaus"]
[Result "1/2-1/2"]
[WhiteElo "2465"]
[BlackElo "2555"]
[PlyCount "69"]
[EventDate "2005.??.??"]

1. d4 Nf6 2. c4 g6 3. Nc3 Bg7 4. e4 d6 5. f3 a6 6. Be3 c6 7. Qd2 Nbd7 8. O-O-O
O-O 9. h4 b5 10. Bh6 Bxh6 11. Qxh6 e5 12. dxe5 dxe5 13. h5 Qe7 14. g4 Nc5 15.
Nh3 Be6 16. Nf2 Nfd7 17. g5 b4 18. Nb1 Rfd8 19. Bh3 Nf8 20. Bxe6 Ncxe6 21. Ng4
Rxd1+ 22. Rxd1 Nxg5 23. f4 Nxe4 24. fxe5 Qe6 25. Qf4 Qxc4+ 26. Nc3 bxc3 27.
Nf6+ Kh8 28. Nxe4 cxb2+ 29. Kb1 gxh5 30. Qf6+ Kg8 31. Qg5+ Ng6 32. Rd8+ Rxd8
33. Qxd8+ Kg7 34. Qf6+ Kg8 35. Qd8+ 1/2-1/2

[Event "BL 0506 SC Eppingen - TV Tegernsee"]
[Site "?"]
[Date "2005.10.21"]
[Round "7.5"]
[White "Boensch, Uwe"]
[Black "Meier, Georg"]
[Result "1-0"]
[WhiteElo "2547"]
[BlackElo "2411"]
[PlyCount "77"]
[EventDate "2005.??.??"]

1. d4 e6 2. c4 Nf6 3. Nf3 Bb4+ 4. Nbd2 b6 5. a3 Bxd2+ 6. Qxd2 Bb7 7. e3 O-O 8.
Be2 d5 9. O-O Nbd7 10. a4 dxc4 11. Bxc4 c5 12. Qe2 cxd4 13. exd4 Rc8 14. b3 Bd5
15. Ba3 Bxc4 16. bxc4 Re8 17. Bd6 Rc6 18. Bf4 Nf8 19. a5 Ng6 20. Be3 Ne4 21.
axb6 axb6 22. Rfc1 Qe7 23. g3 Rec8 24. h4 f6 25. h5 Nf8 26. Qd3 Nd6 27. Nd2 Qf7
28. h6 g5 29. c5 bxc5 30. dxc5 Nf5 31. Ne4 Qg6 32. Ra7 Qxh6 33. Rb1 Nxe3 34.
Qxe3 R6c7 35. Rbb7 Rxb7 36. Rxb7 Qg6 37. Qd4 e5 38. Qd5+ Kh8 39. Nd6 1-0

[Event "BL 0506 SC Eppingen - TV Tegernsee"]
[Site "?"]
[Date "2005.10.21"]
[Round "7.6"]
[White "Medvegy, Zoltan"]
[Black "Hertneck, Gerald"]
[Result "1/2-1/2"]
[WhiteElo "2478"]
[BlackElo "2539"]
[PlyCount "78"]
[EventDate "2005.??.??"]

1. d4 Nf6 2. Nf3 e6 3. g3 b5 4. Bg2 Bb7 5. O-O c5 6. Na3 Qb6 7. c4 b4 8. Nc2 d6
9. a3 a5 10. axb4 axb4 11. Rxa8 Bxa8 12. d5 exd5 13. Nh4 g6 14. Ne3 Bg7 15.
cxd5 O-O 16. b3 Nbd7 17. Nc4 Qc7 18. Bf4 Ne8 19. Nf3 Ndf6 20. Ne1 Nh5 21. Bc1
f5 22. Nd3 Qe7 23. Nf4 Nxf4 24. Bxf4 g5 25. Bc1 Nc7 26. Qd3 Nb5 27. e4 fxe4 28.
Bxe4 Nc3 29. Bxh7+ Kh8 30. Ne3 Bd4 31. Bg6 Nxd5 32. Nxd5 Bxd5 33. Bb2 Bxb2 34.
Qxd5 Bd4 35. Kg2 Qe2 36. Qxg5 Rxf2+ 37. Rxf2 Qxf2+ 38. Kh3 Qf1+ 39. Kg4 Qe2+
1/2-1/2

[Event "BL 0506 SC Eppingen - TV Tegernsee"]
[Site "?"]
[Date "2005.10.21"]
[Round "7.7"]
[White "Bromberger, Stefan"]
[Black "Mann, Christian"]
[Result "1-0"]
[WhiteElo "2478"]
[BlackElo "2464"]
[PlyCount "149"]
[EventDate "2005.??.??"]

1. d4 Nf6 2. c4 g6 3. Nc3 d5 4. Nf3 Bg7 5. Qb3 dxc4 6. Qxc4 O-O 7. e4 Bg4 8.
Be2 Nfd7 9. Be3 Nb6 10. Qc5 Na6 11. Bxa6 bxa6 12. Ne5 Nd7 13. Nxd7 Bxd7 14. O-O
e6 15. Rfd1 Qb8 16. Rd2 Qb6 17. Qe7 Qd6 18. Qh4 Rfb8 19. Bf4 Qb6 20. Be5 Rb7
21. Rad1 Re8 22. b3 Qb4 23. Bxg7 Kxg7 24. Rd3 Qe7 25. Qf4 Rd8 26. Rh3 h5 27.
Rdd3 Bc8 28. e5 Rb4 29. g4 g5 30. Qd2 hxg4 31. Rhg3 Bb7 32. Rxg4 Kf8 33. Rh3
Ke8 34. Rh8+ Kd7 35. Rxd8+ Qxd8 36. Ne4 a5 37. Nf6+ Kc8 38. Rxg5 Rxd4 39. Qxd4
Qxd4 40. Rg8+ Qd8 41. h4 Qxg8+ 42. Nxg8 Kd8 43. h5 Ke8 44. h6 Kf8 45. Nf6 Bc6
46. f4 a4 47. bxa4 Bxa4 48. Kf2 c5 49. Ke3 Bc6 50. a3 Bg2 51. Kd3 Bf1+ 52. Kc3
Be2 53. Nh7+ Kg8 54. Ng5 Bf1 55. h7+ Kg7 56. Nxf7 Kxh7 57. Ng5+ Kg6 58. Nxe6
Kf5 59. Nc7 Be2 60. Kd2 Bc4 61. Ke3 Bf1 62. Nd5 Ke6 63. Nc3 Bh3 64. Nb5 a5 65.
Nc3 Bg2 66. Na4 Kd5 67. Nb6+ Kc6 68. Nc4 Kb5 69. Nd6+ Ka4 70. e6 Kxa3 71. f5 c4
72. f6 c3 73. f7 c2 74. Kd2 Kb2 75. Nc4+ 1-0

[Event "BL 0506 SC Eppingen - TV Tegernsee"]
[Site "?"]
[Date "2005.10.21"]
[Round "7.8"]
[White "Miltner, Arndt"]
[Black "Gross, David"]
[Result "1/2-1/2"]
[WhiteElo "2400"]
[BlackElo "2467"]
[PlyCount "104"]
[EventDate "2005.??.??"]

1. d4 Nf6 2. c3 e6 3. Bf4 c5 4. e3 Be7 5. Nd2 O-O 6. Ngf3 Nh5 7. Bg3 Nc6 8. Bd3
d5 9. Ne5 Nf6 10. f4 Ne8 11. O-O g6 12. Qg4 Ng7 13. Qh3 Qe8 14. Bh4 f6 15. Nxc6
Qxc6 16. g4 Bd7 17. Qg2 Qb6 18. b3 cxd4 19. cxd4 Bb5 20. Qe2 Bxd3 21. Qxd3 Rac8
22. Rac1 Rc6 23. Rc2 Rfc8 24. Rfc1 Kf7 25. Nf3 Bd6 26. Be1 Ba3 27. Rxc6 Rxc6
28. Rxc6 bxc6 29. Kg2 Ne8 30. Qc3 Be7 31. g5 Qb5 32. gxf6 Bxf6 33. Qa5 Qe2+ 34.
Bf2 a6 35. Qb4 Qb5 36. Be1 Qe2+ 37. Bf2 Qb5 38. Be1 Ng7 39. Qxb5 cxb5 40. Bh4
Nf5 41. Bf2 Nd6 42. Be1 Ne4 43. Kf1 h6 44. Ke2 g5 45. fxg5 hxg5 46. h3 Kg6 47.
Kd3 Be7 48. Ne5+ Kf5 49. Ke2 Bd6 50. Nd3 Kf6 51. Kf3 Kf5 52. b4 e5 1/2-1/2

[Event "BL 0506 OSC Baden Baden - SG Kirchheim"]
[Site "?"]
[Date "2005.10.22"]
[Round "7.2"]
[White "Krasenkow, Michal"]
[Black "Wippermann, Till"]
[Result "1-0"]
[WhiteElo "2655"]
[BlackElo "2446"]
[PlyCount "55"]
[EventDate "2005.??.??"]

1. d4 Nf6 2. c4 e5 3. dxe5 Ng4 4. Bf4 Nc6 5. Nf3 Bb4+ 6. Nc3 Qe7 7. Qd5 Bxc3+
8. bxc3 f6 9. exf6 Nxf6 10. Qd3 d6 11. g3 b6 12. Bg2 Bb7 13. O-O Na5 14. Nd2
Bxg2 15. Kxg2 O-O 16. Bg5 Rae8 17. e4 Qd7 18. Bxf6 Rxf6 19. f4 Rfe6 20. Rae1
Qa4 21. f5 Re5 22. f6 gxf6 23. Rxf6 Qxa2 24. Ref1 Kh8 25. R1f2 Qa3 26. Rf8+
Rxf8 27. Rxf8+ Kg7 28. Qf3 1-0

[Event "BL 0506 OSC Baden Baden - SG Kirchheim"]
[Site "?"]
[Date "2005.10.22"]
[Round "7.3"]
[White "Tompa, Janos"]
[Black "Movsesian, Sergei"]
[Result "0-1"]
[WhiteElo "2408"]
[BlackElo "2635"]
[PlyCount "72"]
[EventDate "2005.??.??"]

1. e4 c5 2. Nc3 a6 3. g3 b5 4. Bg2 Bb7 5. Nge2 e6 6. a3 Nf6 7. d3 d5 8. exd5
Nxd5 9. O-O Nxc3 10. Nxc3 Bxg2 11. Kxg2 Nc6 12. Be3 Be7 13. f4 O-O 14. a4 Nd4
15. Bxd4 cxd4 16. Ne4 Rc8 17. Rf2 f5 18. Nd2 Qd5+ 19. Qf3 Qd6 20. axb5 axb5 21.
Nb3 Rc7 22. Ra8 Bf6 23. Re2 h6 24. h4 g6 25. Rxf8+ Kxf8 26. Qa8+ Kf7 27. Kh2 g5
28. hxg5 hxg5 29. fxg5 Bxg5 30. Qh8 Bf6 31. Qh5+ Kg7 32. Qe8 Be5 33. Qxb5 Kf6
34. Nd2 Bxg3+ 35. Kg2 Bh4 36. Nc4 Qg3+ 0-1

[Event "BL 0506 OSC Baden Baden - SG Kirchheim"]
[Site "?"]
[Date "2005.10.22"]
[Round "7.6"]
[White "Schlosser, Philipp"]
[Black "Vonthron, Horst"]
[Result "1-0"]
[WhiteElo "2560"]
[BlackElo "2339"]
[PlyCount "95"]
[EventDate "2005.??.??"]

1. c4 Nf6 2. Nc3 e5 3. g3 Bb4 4. Bg2 O-O 5. Nf3 Bxc3 6. dxc3 Qe7 7. O-O d6 8.
Ne1 a5 9. Nc2 a4 10. e4 Nbd7 11. Ne3 Nc5 12. Qc2 c6 13. h3 g6 14. Rd1 Ne8 15.
Nf1 f5 16. exf5 gxf5 17. Be3 f4 18. Bxc5 dxc5 19. Qe2 a3 20. b3 f3 21. Bxf3
Bxh3 22. Rd3 Nf6 23. Re3 Rae8 24. Nd2 Bf5 25. Re1 Qd6 26. Ne4 Bxe4 27. Bxe4
Nxe4 28. Rxe4 Qf6 29. Kg2 Re7 30. Rd1 Ref7 31. Rd2 Qf3+ 32. Qxf3 Rxf3 33. Rxe5
Rxc3 34. Rg5+ Kf7 35. Rxc5 Ra8 36. Rd7+ Ke6 37. Rxb7 Kd6 38. b4 Ra4 39. Rb6
Rxb4 40. Rbxc6+ Kd7 41. Ra6 Rb2 42. Rh5 Kc7 43. Rxh7+ Kb8 44. c5 Rxa2 45. c6
Rb2 46. c7+ Kb7 47. c8=Q+ Kxc8 48. Ra8+ 1-0

[Event "BL 0506 OSC Baden Baden - SG Kirchheim"]
[Site "?"]
[Date "2005.10.22"]
[Round "7.7"]
[White "Rudolph, Johannes"]
[Black "Buhmann, Rainer"]
[Result "0-1"]
[WhiteElo "2314"]
[BlackElo "2546"]
[PlyCount "93"]
[EventDate "2005.??.??"]

1. d4 d5 2. c4 c6 3. Nf3 Nf6 4. Nc3 a6 5. Ne5 dxc4 6. a4 c5 7. d5 e6 8. e4 exd5
9. exd5 Bd6 10. Nxc4 O-O 11. Be2 Qc7 12. h3 Bf5 13. O-O Re8 14. Bd3 Bg6 15. Bg5
Nbd7 16. Bxg6 hxg6 17. Qf3 Ne5 18. Nxe5 Rxe5 19. Bxf6 Rf5 20. Qe2 gxf6 21. Rad1
Re5 22. Qd2 f5 23. Rfe1 Qe7 24. Re2 Rxe2 25. Qxe2 Qxe2 26. Nxe2 b5 27. Ra1 b4
28. b3 Kg7 29. Rc1 Re8 30. Kf1 Re4 31. Rd1 Kf6 32. Rd3 c4 33. bxc4 Rxc4 34. Nd4
Rc1+ 35. Ke2 Ra1 36. g4 fxg4 37. hxg4 Rxa4 38. Ke3 Bc5 39. Kf3 Ra3 40. Nb3 Bd6
41. Ke4 a5 42. Rf3+ Kg5 43. Nd4 Rxf3 44. Kxf3 a4 45. Nb5 a3 46. Nxd6 a2 47.
Ne4+ 0-1

[Event "BL 0506 OSC Baden Baden - SG Kirchheim"]
[Site "?"]
[Date "2005.10.22"]
[Round "7.8"]
[White "Doettling, Fabian"]
[Black "Zuse, Klaus-Peter"]
[Result "1-0"]
[WhiteElo "2542"]
[BlackElo "2333"]
[PlyCount "71"]
[EventDate "2005.??.??"]

1. d4 Nf6 2. Nf3 g6 3. c4 Bg7 4. Nc3 d5 5. cxd5 Nxd5 6. e4 Nxc3 7. bxc3 c5 8.
Be3 Qa5 9. Qd2 Bg4 10. Rb1 a6 11. Rxb7 Bxf3 12. gxf3 Nc6 13. Bc4 O-O 14. Bd5
cxd4 15. cxd4 Qxd2+ 16. Kxd2 Nxd4 17. Bxd4 Bxd4 18. Rb4 Rad8 19. Rxd4 e6 20.
Rc1 exd5 21. exd5 Rfe8 22. Rc6 Re5 23. d6 a5 24. Kd3 Rh5 25. h4 g5 26. hxg5
Rxg5 27. Rg4 f6 28. Kd4 Kf7 29. Rxg5 fxg5 30. Kd5 Kf6 31. Rc7 Rb8 32. Rxh7 Rb2
33. d7 Rd2+ 34. Kc6 Ke6 35. Kc7 Rc2+ 36. Kd8 1-0

[Event "BL 0506 SV Werder Bremen - Hamburger SK"]
[Site "Bremen"]
[Date "2005.11.11"]
[Round "7.1"]
[White "Gustafsson, Jan"]
[Black "Efimenko, Zahar"]
[Result "1/2-1/2"]
[WhiteElo "2615"]
[BlackElo "2637"]
[PlyCount "39"]
[EventDate "2005.??.??"]

1. d4 Nf6 2. c4 e6 3. g3 d5 4. Nf3 dxc4 5. Bg2 Bb4+ 6. Bd2 a5 7. Qc1 Bxd2+ 8.
Nbxd2 b5 9. b3 cxb3 10. Nxb3 O-O 11. Ne5 Nd5 12. O-O b4 13. Qd2 Ba6 14. Nc5 Bb5
15. Rfc1 Nd7 16. Nexd7 Bxd7 17. a3 Bb5 18. axb4 axb4 19. Rxa8 Qxa8 20. Bxd5
1/2-1/2

[Event "BL 0506 SV Werder Bremen - Hamburger SK"]
[Site "Bremen"]
[Date "2005.11.11"]
[Round "7.2"]
[White "Areshchenko, Alexander"]
[Black "Ftacnik, Lubomir"]
[Result "1/2-1/2"]
[WhiteElo "2653"]
[BlackElo "2612"]
[PlyCount "33"]
[EventDate "2005.??.??"]

1. d4 Nf6 2. c4 g6 3. g3 Bg7 4. Bg2 d5 5. cxd5 Nxd5 6. Nf3 Nb6 7. O-O Nc6 8.
Nc3 Nxd4 9. Nxd4 Qxd4 10. Nb5 Qc4 11. Qb3 O-O 12. Qxc4 Nxc4 13. Nxc7 Rb8 14.
Nd5 Be6 15. Nxe7+ Kh8 16. Nd5 Nxb2 17. Rb1 1/2-1/2

[Event "BL 0506 SV Werder Bremen - Hamburger SK"]
[Site "Bremen"]
[Date "2005.11.11"]
[Round "7.3"]
[White "Kempinski, Robert"]
[Black "Hracek, Zbynek"]
[Result "1/2-1/2"]
[WhiteElo "2619"]
[BlackElo "2581"]
[PlyCount "45"]
[EventDate "2005.??.??"]

1. e4 c5 2. Nf3 d6 3. d4 cxd4 4. Nxd4 Nf6 5. Nc3 e6 6. Be2 Be7 7. O-O Nc6 8.
Be3 O-O 9. f4 Nxd4 10. Bxd4 Bd7 11. Qe1 Bc6 12. Qg3 g6 13. Bd3 Nh5 14. Qe3 Nxf4
15. Qxf4 e5 16. Bxe5 dxe5 17. Qxe5 Bd6 18. Qf6 Qxf6 19. Rxf6 Be5 20. Rff1 Bd4+
21. Kh1 Bxc3 22. bxc3 Rae8 23. Rae1 1/2-1/2

[Event "BL 0506 SV Werder Bremen - Hamburger SK"]
[Site "Bremen"]
[Date "2005.11.11"]
[Round "7.4"]
[White "Pelletier, Yannick"]
[Black "Hansen, Sune Berg"]
[Result "1/2-1/2"]
[WhiteElo "2583"]
[BlackElo "2555"]
[PlyCount "57"]
[EventDate "2005.??.??"]

1. d4 Nf6 2. c4 e6 3. Nf3 d5 4. Nc3 Bb4 5. cxd5 exd5 6. Bg5 h6 7. Bh4 g5 8. Bg3
Ne4 9. Nd2 Nxc3 10. bxc3 Bxc3 11. Rc1 Bb2 12. Bxc7 Qe7 13. Rb1 Bc3 14. Bxb8
Rxb8 15. Qc2 Bxd2+ 16. Qxd2 Bf5 17. Rb2 O-O 18. e3 Be4 19. f3 Bf5 20. Bb5 Rfc8
21. O-O Qc7 22. Ba4 Qc3 23. Bb3 Qxd2 24. Rxd2 Be6 25. Re1 Rc7 26. Ree2 Kf8 27.
Kf2 Rd8 28. Rc2 Rdc8 29. Rxc7 1/2-1/2

[Event "BL 0506 SV Werder Bremen - Hamburger SK"]
[Site "Bremen"]
[Date "2005.11.11"]
[Round "7.5"]
[White "Heinemann, Thies"]
[Black "Babula, Vlastimil"]
[Result "1/2-1/2"]
[WhiteElo "2441"]
[BlackElo "2593"]
[PlyCount "47"]
[EventDate "2005.??.??"]

1. e4 c5 2. Nf3 d6 3. d4 cxd4 4. Nxd4 Nf6 5. Nc3 a6 6. f4 e6 7. Qf3 Qb6 8. Nb3
Qc7 9. g4 b5 10. g5 Nfd7 11. a3 Bb7 12. h4 Nc6 13. Bd3 Nc5 14. Be3 b4 15. Ne2
bxa3 16. bxa3 d5 17. Nxc5 Bxc5 18. Bxc5 Qa5+ 19. Kf2 Qxc5+ 20. Qe3 Qxe3+ 21.
Kxe3 Ne7 22. exd5 Bxd5 23. Rhd1 h6 24. Rab1 1/2-1/2

[Event "BL 0506 SV Werder Bremen - Hamburger SK"]
[Site "Bremen"]
[Date "2005.11.11"]
[Round "7.7"]
[White "Van Delft, Merijn"]
[Black "Schandorff, Lars"]
[Result "1/2-1/2"]
[WhiteElo "2385"]
[BlackElo "2517"]
[PlyCount "39"]
[EventDate "2005.??.??"]

1. e4 c6 2. d4 d5 3. Nd2 dxe4 4. Nxe4 Bf5 5. Ng3 Bg6 6. h4 h6 7. Nf3 Nd7 8. h5
Bh7 9. Bd3 Bxd3 10. Qxd3 e6 11. Bf4 Qa5+ 12. Bd2 Bb4 13. c3 Be7 14. c4 Qc7 15.
O-O-O Ngf6 16. Kb1 O-O 17. Ne4 Nxe4 18. Qxe4 Nf6 19. Qe2 c5 20. Bc3 1/2-1/2

[Event "BL 0506 SV Werder Bremen - Hamburger SK"]
[Site "Bremen"]
[Date "2005.11.11"]
[Round "7.8"]
[White "Skripchenko-Lautier, Almira"]
[Black "Sebastian, Dirk"]
[Result "1-0"]
[WhiteElo "2462"]
[BlackElo "2362"]
[PlyCount "147"]
[EventDate "2005.??.??"]

1. e4 e5 2. Nf3 Nc6 3. Bc4 Bc5 4. c3 Nf6 5. d3 d6 6. Bb3 O-O 7. O-O a6 8. Be3
Ba7 9. Nbd2 Ne7 10. h3 Ng6 11. d4 Qe7 12. Re1 h6 13. Nh2 Be6 14. Bc2 c6 15.
Nhf1 Bb8 16. Ng3 Nh4 17. Nf3 Nh7 18. Nxh4 Qxh4 19. dxe5 dxe5 20. Nf5 Bxf5 21.
exf5 Nf6 22. a4 Re8 23. a5 Nd5 24. Ra4 Nxe3 25. Rxe3 Qf6 26. Rb4 Ba7 27. Rg3
Rad8 28. Qe2 e4 29. Rxb7 e3 30. fxe3 Qe5 31. Kf2 Qf4+ 32. Rf3 Bxe3+ 33. Kf1 Qe5
34. Bb3 Rd2 35. Rxf7 Rxe2 36. Re7+ Kh8 37. Rxe5 Rxe5 38. Kxe2 Bc1+ 39. Kd1 Bxb2
40. Rd3 h5 41. h4 Kh7 42. Be6 g6 43. Rd7+ Kh6 44. Kc2 gxf5 45. Rd6 Ba3 46. Rxc6
Rxa5 47. Bxf5+ Kg7 48. Bd3 Be7 49. g3 Ra2+ 50. Kb3 Rg2 51. Re6 Kf8 52. Re3 Bd6
53. Rf3+ Kg7 54. Rf5 Rxg3 55. Bxa6 Be7 56. Kc2 Bxh4 57. Rxh5 Bf6 58. c4 Kg6 59.
Rd5 Kf7 60. Bb5 Ke6 61. Rd2 Be5 62. Re2 Rf3 63. Rd2 Ra3 64. Rd8 Bd6 65. Re8+
Be7 66. Rc8 Rg3 67. Rc6+ Ke5 68. Rc7 Bb4 69. Rd7 Bd6 70. Bc6 Rh3 71. c5 Bf8 72.
Bb7 Rg3 73. c6 Rg7 74. Rxg7 1-0